000 00519nam a2200157 i 4500
001 93634
003 ES-MaACL
005 20230906181259.0
007 t|
008 050415s1923 sp ||||1| spa d
100 1 _aLópez Barrera, Joaquín.
_973443
245 1 0 _aBrantôme y el género bufo y grotesco de las "Rodomontadas españolas" en la literatura francesa /
_cJoaquín López Barrera.
260 _aMadrid :
_bRevista de Archivos, Bibliotecas y Museos,
_c1923.
300 _a28 p.
852 _aES-MaACL
_j1648-F-20
999 _c93634
_d93634